LEADER 00815nam 2200313 450 001 990001032950203316 035 $a0103295 035 $aUSA010103295 035 $a(ALEPH)000103295USA01 035 $a0103295 100 $a20020314d--------km-y0itay0103----ba 101 $aspa 102 $aFR 110 $aaga-------- 200 1 $aCuadernos de Ruedo iberico 210 $aParis$cRuedo iberico 215 $av.$d21 cm 326 $aBimestrale 606 0 $aSpagna$xStoria$xPeriodici 676 $a946 801 0$aIT$bsalbc$gISBD 912 $a990001032950203316 958 $aUMA$cN.1(1965)- 959 $aSE 979 $aPATTY$b90$c20020314$lUSA01$h1436 979 $c20020403$lUSA01$h1744 979 $aPATRY$b90$c20040406$lUSA01$h1711 996 $aCuadernos de ruedo ibérico$9797489 997 $aUNISA